000 01149nam a22003497a 4500
003 CHAP
005 20220817041356.0
008 971013s1965 r 00010 d
010 _a12605
011 _a13577
035 _a17649
040 _cCHAP
082 _a338.9
_bG58
100 0 0 _aGittinger, J. Price.
_948217
245 _aPlanning for agricultura development; the Iranian experience
260 _a(Washington) :
_bNational Planning Association,
_c1965
300 _a123 p.
490 _aPlanning experience series
_v; 2
590 _aBATCH-UPD
_b10
_c20130110
_lUCH01
_h0204
590 _aBATCH-UPD
_b10
_c20130110
_lUCH01
_h1024
590 _aBATCH-UPD
_b10
_c20130409
_lUCH01
_h2215
590 _aBATCH-UPD
_b10
_c20130410
_lUCH01
_h1230
590 _aBATCH-UPD
_b10
_c20130913
_lUCH01
_h2110
590 _aCONVERSION
_b10
_c20130109
_lUCH01
_h1308
650 1 4 _aAgricultura
_xIrán.
_91711
650 1 4 _aDesarrollo económico.
650 1 4 _aPolítica agrícola.
_990283
830 0 _aPlanning experience series
_v; 2
_988749
901 _aBK
942 _cLIBRO
949 _a338.9 G58
_bBC
_cLIBRO
_d33724000418364
_eLIBRO
_h32270
_i17649
_mD
_si
999 _c12605
_d12605